Statistiques concernant Culture Générale - Série 2363

Cliquez ici pour prendre le quiz!

Statistiques générales

  • Ce quiz a été pris 124 fois
  • Le résultat moyen est 4 sur 10

Statistiques - réponses

QuestionRéponse% Correct
De quel pays La Valette est-elle la capitale ?Malte
96%
Quel mot anglais signifie "brouillard de pollution" ?smog
67%
C'est le titre d'un film de Luc Besson - le prénom d'un ancien président du conseil de la 4° république et une commune des LandesLéon
47%
Dans le langage familier, ce mot de 4 lettres désigne de la drogue .came
34%
Chevalier chrétien occidental qui a participé aux croisades du Moyen Âgecroisé
29%
Quel jeu de construction a été inventé par Frank Hornby en 1898 ?meccano
27%
Quel verbe du 3° groupe est employé généralement pour désigner une personne qui disparaît en mer ?périr
27%
Ce verbe du 3° groupe signifie "prendre, enlever de force" ou "enchanter".ravir
27%
Comment appelle-t-on l'habitation polynésienne traditionnelle ? voir photofare
13%
Quel verbe de 11 lettres est synonyme de "choquer,commotionner,effrayer,heurter,perturber" ?traumatiser
9%

Distribution des résultats

Percentile par nombre de réponses

% des personnes avec chaque résultat

Votre développement - résultats

Vous n’avez pas pris ce quiz